000 00587nam a22001937a 4500
003 0
005 20160609170152.0
008 101208t xxu||||| |||| 00| 0 eng d
040 _aBUAC
_cBEPAC
100 _aFade n Yvonne E.
_911949
130 _lfr
_911950
245 _aPlace des bacteries dans les infections carieuses et parodontales à Cotonou
260 _aEPAC-UAC
_bEPAC-UAC
_c2006-2007
300 _aXII-53p.
650 _aPLACE DES BACTERIES
_bINFECTION CARIEUSE
_911951
650 _aINFECTION DONTALE
_bCOTONOU
_911952
700 _aKinnoume , Lidwine
_911953
942 _cTHE
999 _c48462
_d48462